[Event "OLNN 2223 SF Schwerin - Schachfreunde H"]
[Site "?"]
[Date "2022.10.23"]
[Round "1.1"]
[White "Nedic, Dusan"]
[Black "Reichmann, Hendrik"]
[Result "0-1"]
[WhiteElo "2299"]
[BlackElo "2307"]
[PlyCount "106"]
[EventDate "2022.??.??"]

1. d4 Nf6 2. Nf3 g6 3. c4 Bg7 4. g3 O-O 5. Bg2 d6 6. O-O Bf5 7. Nc3 Ne4 8. Nxe4 Bxe4 9. Bh3 c5 10. d5 Bxf3 11. exf3 Nd7 12. f4 Nf6 13. a4 a6 14. a5 b5 15. axb6 Qxb6 16. Re1 Ra7 17. Ra3 Qb4 18. Bf1 Rb8 19. Rae3 Rbb7 20. Bd3 Nh5 21. Qg4 Bxb2 22. Qc8+ Kg7 23. Bxb2+ Qxb2 24. Rb1 Qxb1+ 25. Bxb1 Rxb1+ 26. Kg2 a5 27. Qe8 Nf6 28. Qa4 Rb4 29. Qa2 a4 30. Ra3 h5 31. h3 Kh7 32. Qc2 Rab7 33. Ra2 Rb3 34. f5 a3 35. fxg6+ fxg6 36. Qc1 Ra7 37. Qe1 Kg7 38. Qe6 Kf8 39. g4 hxg4 40. hxg4 Kg7 41. Ra1 Rc3 42. Qe2 Kf8 43. f3 Rb7 44. Kg3 Rb2 45. Qe6 Rbb3 46. Re1 Rxf3+ 47. Kh4 Ng8 48. Kg5 a2 49. Qc8+ Kg7 50. Qe8 Rf6 51. Ra1 Re3 52. Rxa2 Re5+ 53. Kh4 Rf3 0-1

[Event "OLNN 2223 SF Schwerin - Schachfreunde H"]
[Site "?"]
[Date "2022.10.23"]
[Round "1.2"]
[White "Wolf, Christoph"]
[Black "Ritscher, Jan-Paul"]
[Result "0-1"]
[WhiteElo "2186"]
[BlackElo "2262"]
[PlyCount "136"]
[EventDate "2022.??.??"]

1. e4 Nf6 2. e5 Nd5 3. d4 d6 4. c4 Nb6 5. exd6 exd6 6. Nc3 Be7 7. Bd3 Nc6 8. Nge2 Bg4 9. f3 Bh5 10. O-O O-O 11. b3 Bf6 12. Be3 Bg6 13. Bxg6 hxg6 14. Qd2 Re8 15. d5 Nb4 16. Rad1 c6 17. dxc6 Nxc6 18. Ne4 Be7 19. Bf4 Nc8 20. N2c3 a6 21. Nd5 Bf8 22. Qb2 Ne5 23. c5 f5 24. Nxd6 Bxd6 25. cxd6 Qxd6 26. Rfe1 Nxf3+ 27. gxf3 Rxe1+ 28. Rxe1 Qxd5 29. Re8+ Kf7 30. Qe2 Qd7 31. Rh8 Nb6 32. Rxa8 Nxa8 33. Be5 Nc7 34. Qc4+ Ne6 35. a4 Qd1+ 36. Kg2 Qd2+ 37. Kf1 Qe3 38. Qd5 Qc1+ 39. Ke2 Qc2+ 40. Kf1 Qc6 41. Qxc6 bxc6 42. b4 g5 43. Ke2 Kg6 44. Kd3 Kh5 45. Bd6 g4 46. fxg4+ Kxg4 47. Ke3 g5 48. Be5 Kh3 49. Bf6 Kg4 50. Be5 Nf8 51. Bd6 Nd7 52. Be7 Kh3 53. Bd8 Kh4 54. Kd4 Kg4 55. h3+ Kf4 56. Bc7+ Kf3 57. Bd8 g4 58. hxg4 fxg4 59. Bc7 g3 60. Kc4 g2 61. Bh2 Kf2 62. b5 cxb5+ 63. axb5 a5 64. Kb3 Nc5+ 65. Kc4 Nd7 66. b6 Nxb6+ 67. Kb5 Nd5 68. Kxa5 Ne3 0-1

[Event "OLNN 2223 SF Schwerin - Schachfreunde H"]
[Site "?"]
[Date "2022.10.23"]
[Round "1.3"]
[White "Andersen, Jens Knud"]
[Black "Grahl, Arvid"]
[Result "1-0"]
[WhiteElo "2165"]
[BlackElo "2186"]
[PlyCount "87"]
[EventDate "2022.??.??"]

1. d4 Nf6 2. Nc3 d5 3. Bf4 c5 4. e4 dxe4 5. dxc5 Qa5 6. Qd4 Nc6 7. Bb5 Bd7 8. Bxc6 Bxc6 9. b4 Qd8 10. Nge2 g6 11. Rd1 Qxd4 12. Nxd4 Bg7 13. Nxc6 bxc6 14. Be5 O-O 15. Ke2 a5 16. a3 axb4 17. axb4 Nh5 18. Bxg7 Nf4+ 19. Ke3 Nxg2+ 20. Kxe4 Kxg7 21. h4 e5 22. Kxe5 Rfe8+ 23. Kd4 Rad8+ 24. Kc4 Rxd1 25. Rxd1 Nxh4 26. Rd6 Rc8 27. b5 cxb5+ 28. Kxb5 Nf5 29. Rd7 h5 30. Ne4 h4 31. Ng5 Kf6 32. f4 Nh6 33. c6 Kf5 34. Nxf7 Kxf4 35. Nxh6 h3 36. Rd4+ Kg3 37. Rd3+ Kh4 38. Rd4+ Kg3 39. Ng4 g5 40. c4 h2 41. Nxh2 Kxh2 42. Rg4 Rg8 43. c7 Kh3 44. Rd4 1-0

[Event "OLNN 2223 SF Schwerin - Schachfreunde H"]
[Site "?"]
[Date "2022.10.23"]
[Round "1.4"]
[White "Heinsohn, Wilfried"]
[Black "Bokelbrink, Uwe"]
[Result "0-1"]
[WhiteElo "2127"]
[BlackElo "2238"]
[PlyCount "58"]
[EventDate "2022.??.??"]

1. e4 c5 2. Nc3 Nc6 3. Bb5 g6 4. f4 Bg7 5. Bxc6 dxc6 6. d3 Nf6 7. Nf3 O-O 8. O-O Bg4 9. Qe1 Bxf3 10. Rxf3 Nd7 11. e5 f5 12. Be3 e6 13. Na4 Qe7 14. c4 b6 15. Rd1 Rfc8 16. a3 b5 17. Nc3 Rab8 18. cxb5 cxb5 19. d4 b4 20. Na4 bxa3 21. bxa3 c4 22. Bd2 Nb6 23. Bb4 Qd7 24. Nxb6 Rxb6 25. Bc5 Rb3 26. Rxb3 cxb3 27. Qb4 Qd5 28. Rb1 Bf8 29. Bxf8 Rc2 0-1

[Event "OLNN 2223 SF Schwerin - Schachfreunde H"]
[Site "?"]
[Date "2022.10.23"]
[Round "1.5"]
[White "Zimmermann, Martin"]
[Black "Weyrich, Morten"]
[Result "1/2-1/2"]
[WhiteElo "2140"]
[BlackElo "2297"]
[PlyCount "102"]
[EventDate "2022.??.??"]

1. d4 d5 2. Nf3 Nf6 3. g3 e6 4. Bg2 Be7 5. O-O O-O 6. b3 c5 7. dxc5 Bxc5 8. Bb2 Nc6 9. Nbd2 b5 10. h3 Bb7 11. e3 Qe7 12. Qe2 a6 13. Ne5 Nxe5 14. Bxe5 Nd7 15. Bb2 Nb6 16. Rfc1 Rac8 17. Nf3 Rc7 18. Be5 Rd7 19. Bb2 Rc8 20. Nd4 Rdc7 21. a3 Nd7 22. Nf3 Bd6 23. Qd2 Nc5 24. Ne1 Bc6 25. Rd1 f5 26. Nd3 Be8 27. Nxc5 Rxc5 28. Rdc1 Qc7 29. Qd4 Bf8 30. Bf1 Bd6 31. Bg2 Qe7 32. Qd2 Bg6 33. a4 f4 34. gxf4 Bxc2 35. axb5 axb5 36. Bd4 R5c7 37. Bb6 Rc6 38. Ra7 Qe8 39. Bd4 Bf8 40. b4 Qg6 41. Kh2 Rc4 42. Qe2 Bd3 43. Rxc4 Rxc4 44. Qg4 Rxb4 45. Qxg6 Bxg6 46. Rb7 Rb1 47. Rb8 Kf7 48. Rb7+ Ke8 49. Rb8+ Kf7 50. Rb7+ Ke8 51. Rb8+ Kf7 1/2-1/2

[Event "OLNN 2223 SF Schwerin - Schachfreunde H"]
[Site "?"]
[Date "2022.10.23"]
[Round "1.6"]
[White "Wagner, Ralph"]
[Black "Mix, Clemens"]
[Result "1/2-1/2"]
[WhiteElo "2127"]
[BlackElo "2023"]
[PlyCount "141"]
[EventDate "2022.??.??"]

1. d4 Nf6 2. c4 e6 3. Nc3 Bb4 4. Qc2 O-O 5. Bg5 c5 6. e3 d5 7. dxc5 Na6 8. a3 Bxc3+ 9. Qxc3 Nxc5 10. Bxf6 Qxf6 11. Qxf6 gxf6 12. cxd5 exd5 13. Rd1 Be6 14. Nf3 Rac8 15. Nd4 Na4 16. Rb1 a6 17. Be2 Nb6 18. Kd2 Nc4+ 19. Bxc4 dxc4 20. Kc3 Rfd8 21. Rbd1 Kf8 22. Rd2 Ke7 23. Rhd1 Rd7 24. Nxe6 Rxd2 25. Rxd2 Kxe6 26. Rd4 b5 27. Rh4 Rd8 28. Kc2 Rg8 29. g3 Rg7 30. Kc3 a5 31. a4 bxa4 32. Rxc4 Rg5 33. Rxa4 Rb5 34. b4 axb4+ 35. Rxb4 Ra5 36. Kd3 Ra2 37. Rf4 f5 38. e4 Ra3+ 39. Ke2 Ra2+ 40. Kf1 fxe4 41. Rh4 Kf5 42. Rxh7 Kg6 43. Rh8 f5 44. h4 Ra3 45. Re8 Rf3 46. Kg2 Rc3 47. Re6+ Kh5 48. Rf6 Rf3 49. Re6 Rc3 50. Re8 Kg6 51. Rg8+ Kh7 52. Ra8 Kg6 53. Ra5 Rc6 54. Kh3 Rf6 55. Re5 Kh6 56. Kg2 Kh5 57. Re8 Rc6 58. Rg8 Kh6 59. Rg5 Rf6 60. Kf1 f4 61. g4 f3 62. Re5 Rf4 63. g5+ Kh5 64. Ke1 Rxh4 65. Kd2 Rh1 66. Rxe4 Kxg5 67. Ke3 Rh3 68. Re8 Kf5 69. Rg8 Ke5 70. Rf8 Ke6 71. Rxf3 1/2-1/2

[Event "OLNN 2223 SF Schwerin - Schachfreunde H"]
[Site "?"]
[Date "2022.10.23"]
[Round "1.7"]
[White "Gremmel, Jonas Simon"]
[Black "Wandel, Bernd"]
[Result "1-0"]
[WhiteElo "2030"]
[BlackElo "2067"]
[PlyCount "95"]
[EventDate "2022.??.??"]

1. d4 Nf6 2. Nf3 g6 3. c4 Bg7 4. Nc3 O-O 5. e4 d6 6. h3 Nbd7 7. Be3 e5 8. dxe5 dxe5 9. Be2 c6 10. O-O Qc7 11. Qc2 Nh5 12. Rfd1 Nf4 13. Bf1 Re8 14. Rab1 h6 15. b4 g5 16. Nd2 Nf8 17. Nb3 Qe7 18. b5 g4 19. hxg4 Bxg4 20. f3 Bh5 21. Qf2 a6 22. g3 N4e6 23. bxc6 bxc6 24. Kg2 Ng5 25. Be2 Nfe6 26. Rd3 Rf8 27. Bc5 Nxc5 28. Nxc5 Ne6 29. Nxe6 Qxe6 30. Qc5 Rfd8 31. Rxd8+ Rxd8 32. Rb6 Qd7 33. Qe3 Qd4 34. Kf2 Rc8 35. c5 Bf8 36. Qxd4 exd4 37. Na4 d3 38. Bxd3 Rd8 39. Be2 f5 40. exf5 Bf7 41. Rxc6 Rd2 42. Ke3 Rxa2 43. Nc3 Ra3 44. Kd4 Be8 45. Bc4+ Kh8 46. Rxa6 Bxc5+ 47. Kxc5 Rxc3 48. Ra8 1-0

[Event "OLNN 2223 SF Schwerin - Schachfreunde H"]
[Site "?"]
[Date "2022.10.23"]
[Round "1.8"]
[White "Schulz, Karsten"]
[Black "Dietz, Juergen"]
[Result "1-0"]
[WhiteElo "2256"]
[BlackElo "2116"]
[PlyCount "57"]
[EventDate "2022.??.??"]

1. c4 f5 2. g3 Nf6 3. Bg2 d6 4. Nc3 e5 5. d3 Be7 6. e3 O-O 7. Nge2 c6 8. O-O Be6 9. f4 a5 10. b3 Na6 11. Qd2 Rb8 12. Bb2 Qc7 13. Rac1 Bd8 14. Kh1 Qe7 15. e4 fxe4 16. fxe5 dxe5 17. Nxe4 Nxe4 18. Bxe4 Rxf1+ 19. Rxf1 Bh3 20. Re1 Bc7 21. Ng1 Bg4 22. d4 Qd7 23. Qg5 exd4 24. Bxh7+ Kxh7 25. Re7 Qxe7 26. Qxe7 Bf5 27. Bxd4 Rg8 28. Nf3 Bd8 29. Ng5+ 1-0

[Event "OLNN 2223 SC Königsspringer HH - SV Ba"]
[Site "?"]
[Date "2022.10.23"]
[Round "1.1"]
[White "Schmid, Thomas"]
[Black "Zimmermann, Julian"]
[Result "1/2-1/2"]
[WhiteElo "2201"]
[BlackElo "2289"]
[PlyCount "46"]
[EventDate "2022.??.??"]

1. d4 Nf6 2. Bf4 e6 3. e3 c5 4. c3 Nc6 5. Nf3 d5 6. Nbd2 Be7 7. Bd3 Nh5 8. Be5 f6 9. Bg3 g6 10. O-O O-O 11. dxc5 Bxc5 12. c4 Kg7 13. Rc1 Bb6 14. Nb3 Qe7 15. a3 dxc4 16. Bxc4 e5 17. Be2 Nxg3 18. hxg3 Bf5 19. Bb5 Rfd8 20. Nfd2 Rac8 21. Qe2 h5 22. Rfd1 Na5 23. Nxa5 Rxc1 {(=)} 1/2-1/2

[Event "OLNN 2223 SC Königsspringer HH - SV Ba"]
[Site "?"]
[Date "2022.10.23"]
[Round "1.2"]
[White "Weber, Max"]
[Black "Gressmann, Moritz"]
[Result "1-0"]
[WhiteElo "2262"]
[BlackElo "2139"]
[PlyCount "85"]
[EventDate "2022.??.??"]

1. Nf3 Nf6 2. c4 g6 3. Nc3 Bg7 4. e4 d6 5. d4 O-O 6. Be2 Nbd7 7. O-O e5 8. Be3 c6 9. Qc2 Qc7 10. Rad1 Re8 11. h3 Nf8 12. Rfe1 Nh5 13. Bf1 h6 14. c5 exd4 15. cxd6 Qxd6 16. Nxd4 Qe7 17. Qc1 Kh7 18. e5 Bxe5 19. Bxh6 Qc7 20. Nf3 Nd7 21. Bc4 f6 22. Bf7 Re7 23. Bb3 Nc5 24. Bf8 Nxb3 25. Qh6+ Kg8 26. Bxe7 Qxe7 27. Qxg6+ Ng7 28. Nxe5 Bf5 29. Qg3 fxe5 30. Rxe5 Qf7 31. axb3 Rf8 32. Ne4 Bg6 33. Rd6 Bxe4 34. Rxe4 Qf5 35. Re7 Rf7 36. Rd8+ Kh7 37. Rxf7 Qxf7 38. Qd3+ Kh6 39. Rh8+ Kg5 40. h4+ Kf6 41. Rh6+ Ke5 42. Qc3+ Ke4 43. f3+ 1-0

[Event "OLNN 2223 SC Königsspringer HH - SV Ba"]
[Site "?"]
[Date "2022.10.23"]
[Round "1.3"]
[White "Masio, Andreas"]
[Black "Schmidt, Jan-Peter"]
[Result "1/2-1/2"]
[WhiteElo "2043"]
[BlackElo "2267"]
[PlyCount "24"]
[EventDate "2022.??.??"]

1. e4 c5 2. Nc3 Nc6 3. Bb5 Nd4 4. Bc4 Nf6 5. Nf3 d6 6. h3 g6 7. d3 Bg7 8. O-O O-O 9. Nxd4 cxd4 10. Ne2 d5 11. exd5 Nxd5 12. Re1 a6 1/2-1/2

[Event "OLNN 2223 SC Königsspringer HH - SV Ba"]
[Site "?"]
[Date "2022.10.23"]
[Round "1.4"]
[White "Wagner, Friedrich"]
[Black "Patzer, Stefan"]
[Result "1-0"]
[WhiteElo "2131"]
[BlackElo "2119"]
[PlyCount "35"]
[EventDate "2022.??.??"]

1. c4 f5 2. g3 Nf6 3. Nc3 e5 4. d4 exd4 5. Qxd4 Nc6 6. Qe3+ Qe7 7. Bg2 Ne5 8. b3 g6 9. h3 Bg7 10. Nb5 Kd8 11. Ba3 Qe8 12. Rd1 Nc6 13. Qf4 Qe5 14. Qxe5 Nxe5 15. Nxc7 Nxc4 16. Ne6+ Ke8 17. Nxg7+ Kf7 18. bxc4 1-0

[Event "OLNN 2223 SC Königsspringer HH - SV Ba"]
[Site "?"]
[Date "2022.10.23"]
[Round "1.5"]
[White "Toenniges, Thomas"]
[Black "Langmann, Markus"]
[Result "1/2-1/2"]
[WhiteElo "2061"]
[BlackElo "2070"]
[PlyCount "53"]
[EventDate "2022.??.??"]

1. e4 e6 2. d4 d5 3. Nd2 dxe4 4. Nxe4 Be7 5. Nf3 Nd7 6. Bd3 Ngf6 7. c3 O-O 8. O-O b6 9. Nxf6+ Nxf6 10. Ne5 Bb7 11. Be3 Rc8 12. Qe2 c5 13. dxc5 Bxc5 14. Rad1 Qc7 15. Bf4 Rfd8 16. Bg3 Bd6 17. Rfe1 Qe7 18. Bh4 Bxe5 19. Qxe5 Rd5 20. Qe2 Qc7 21. Bxf6 gxf6 22. Be4 Re5 23. Qf3 Rf5 24. Qh3 Bxe4 25. Rxe4 Qc5 26. Red4 Kg7 27. Qg3+ 1/2-1/2

[Event "OLNN 2223 SC Königsspringer HH - SV Ba"]
[Site "?"]
[Date "2022.10.23"]
[Round "1.6"]
[White "Hloskovsky, Andrei"]
[Black "Sallandt, Frido"]
[Result "1-0"]
[WhiteElo "2064"]
[BlackElo "1762"]
[PlyCount "53"]
[EventDate "2022.??.??"]

1. e4 e5 2. Nf3 Nc6 3. Bc4 Bc5 4. O-O Nf6 5. d4 exd4 6. e5 d5 7. exf6 dxc4 8. fxg7 Rg8 9. Bg5 f6 10. Re1+ Kf7 11. Bh6 Bf5 12. g4 Bg6 13. Ng5+ fxg5 14. Qf3+ Bf5 15. Qxf5+ Qf6 16. Qd5+ Kg6 17. Re6 Be7 18. Qxg5+ Kf7 19. Rxf6+ Bxf6 20. Qd5+ Ke7 21. Nd2 Bxg7 22. Re1+ Be5 23. Rxe5+ Nxe5 24. Qxe5+ Kf7 25. Qf5+ Ke7 26. Bg5+ Kd6 27. Ne4+ 1-0

[Event "OLNN 2223 SC Königsspringer HH - SV Ba"]
[Site "?"]
[Date "2022.10.23"]
[Round "1.7"]
[White "Schwarz, Oliver"]
[Black "Raider, Eugen"]
[Result "0-1"]
[WhiteElo "2116"]
[BlackElo "2014"]
[PlyCount "86"]
[EventDate "2022.??.??"]

1. d4 Nf6 2. c4 g6 3. Nc3 Bg7 4. e4 d6 5. f3 O-O 6. Be3 Nc6 7. Bd3 e5 8. d5 Nd4 9. Nge2 Nh5 10. Qd2 c5 11. dxc6 bxc6 12. Rd1 c5 13. Nd5 a5 14. O-O Be6 15. Nec3 f5 16. Bg5 Nf6 17. exf5 gxf5 18. Kh1 Ra7 19. g4 fxg4 20. f4 Raf7 21. f5 Bxd5+ 22. Nxd5 Nf3 23. Qc1 Nxg5 24. Qxg5 Nxd5 25. Qxd8 Rxd8 26. cxd5 Rb8 27. b3 h5 28. Rc1 Bh6 29. Rc4 Kg7 30. Kg2 Bf4 31. Rf2 Kf6 32. Rfc2 Kg5 33. Ra4 Ra7 34. Rac4 h4 35. h3 Rb4 36. Rxb4 axb4 37. Re2 Rf7 38. Re1 Rxf5 39. Bxf5 Kxf5 40. Re2 Bg3 41. Re3 Kf4 42. Re2 gxh3+ 43. Kxh3 Kf3 0-1

[Event "OLNN 2223 SC Königsspringer HH - SV Ba"]
[Site "?"]
[Date "2022.10.23"]
[Round "1.8"]
[White "Cremer, Jochen"]
[Black "Mueller, Friedrich"]
[Result "1/2-1/2"]
[WhiteElo "2099"]
[BlackElo "1963"]
[PlyCount "59"]
[EventDate "2022.??.??"]

1. c4 Nf6 2. g3 e6 3. Bg2 d5 4. Nf3 Be7 5. O-O O-O 6. b3 c6 7. Bb2 Nbd7 8. e3 b6 9. Qe2 Bb7 10. Nc3 Rc8 11. d4 Qc7 12. Rac1 Qb8 13. Rfd1 Rfd8 14. Ne5 dxc4 15. Nxc4 c5 16. dxc5 Bxg2 17. Kxg2 Nxc5 18. Nb5 a6 19. Nd4 Ncd7 20. Nd2 Qb7+ 21. Qf3 Qxf3+ 22. Kxf3 b5 23. Ke2 Nb8 24. f3 Kf8 25. Rxc8 Rxc8 26. Rc1 Rxc1 27. Bxc1 Ke8 28. Bb2 Kd7 29. e4 Nc6 30. Nxc6 1/2-1/2

[Event "OLNN 2223 Hamburger SK III - SC Diogene"]
[Site "?"]
[Date "2022.10.23"]
[Round "1.1"]
[White "Schulenburg, Fabian"]
[Black "Spiric, Igor"]
[Result "0-1"]
[WhiteElo "2313"]
[BlackElo "2257"]
[PlyCount "88"]
[EventDate "2022.??.??"]

1. e4 e6 2. d4 b6 3. Bd3 Bb7 4. Qe2 d6 5. Nf3 Nd7 6. O-O e5 7. a4 a6 8. a5 b5 9. d5 Nc5 10. b4 Nxd3 11. cxd3 Ne7 12. d4 Ng6 13. Bb2 f6 14. Ra3 Be7 15. Rc1 Qd7 16. Rac3 Rc8 17. Qc2 Bd8 18. Nbd2 Nf4 19. Nf1 Qg4 20. Ne3 Qh5 21. Nf5 O-O 22. Kf1 g6 23. Nxd6 cxd6 24. Rxc8 Qg4 25. Rc3 Qxg2+ 26. Ke1 exd4 27. Ra3 Bxd5 28. Bxd4 Re8 29. Re3 Bc4 30. Kd2 Ne2 31. Rxe2 Qxf3 32. Re3 Qxf2+ 33. Kc3 Qf4 34. Rce1 Re5 35. Bxe5 Qxe5+ 36. Kd2 f5 37. Qc3 f4 38. Rh3 Qg5 39. e5 f3+ 40. Qe3 Qg2+ 41. Kd1 Be2+ 42. Rxe2 fxe2+ 43. Qxe2 Qxh3 44. exd6 Qh5 0-1

[Event "OLNN 2223 Hamburger SK III - SC Diogene"]
[Site "?"]
[Date "2022.10.23"]
[Round "1.2"]
[White "Holinka, Henning"]
[Black "Hochgraefe, Markus"]
[Result "1-0"]
[WhiteElo "2245"]
[BlackElo "2387"]
[PlyCount "53"]
[EventDate "2022.??.??"]

1. e4 c6 2. Nc3 d5 3. Nf3 Bg4 4. h3 Bxf3 5. Qxf3 Nf6 6. Be2 e6 7. O-O Bb4 8. Rd1 O-O 9. e5 Nfd7 10. d4 Qe7 11. Qg3 Bxc3 12. bxc3 c5 13. Rb1 b6 14. c4 Nc6 15. cxd5 Nxd4 16. Rxd4 cxd4 17. d6 Qd8 18. Bh6 g6 19. Bxf8 Kxf8 20. Bb5 Rc8 21. Rb4 Rxc2 22. Rxd4 Rc5 23. Bxd7 Qxd7 24. Qf4 f5 25. exf6 e5 26. Qh6+ Kg8 27. f7+ 1-0

[Event "OLNN 2223 Hamburger SK III - SC Diogene"]
[Site "?"]
[Date "2022.10.23"]
[Round "1.3"]
[White "Schulenburg, Torben"]
[Black "Kugler, Florian"]
[Result "1/2-1/2"]
[WhiteElo "2222"]
[BlackElo "2207"]
[PlyCount "119"]
[EventDate "2022.??.??"]

1. d4 Nf6 2. c4 g6 3. g3 c6 4. Bg2 d5 5. Nf3 Bg7 6. O-O O-O 7. cxd5 cxd5 8. Nc3 Nc6 9. Ne5 Bf5 10. Bf4 Ne4 11. Nxc6 bxc6 12. Na4 Nd6 13. Rc1 Rc8 14. e3 Re8 15. Nc5 e5 16. Bxe5 Bxe5 17. dxe5 Rxe5 18. Qd4 Re7 19. Rfd1 Rb8 20. b3 h5 21. Qf4 Rc8 22. h3 Re8 23. Qa4 Qf6 24. Rd2 Re7 25. Qf4 g5 26. Qd4 Qh6 27. h4 g4 28. Nd3 Bxd3 29. Qxd3 Rcc7 30. Rdc2 Ne4 31. b4 Qd6 32. a3 Re6 33. Qd4 Qe7 34. b5 Qxa3 35. bxc6 Qa5 36. Ra1 Qb5 37. Bf1 Qb3 38. Rb2 Qc3 39. Rb8+ Kh7 40. Rh8+ Kg6 41. Rg8+ Kh7 42. Rh8+ Kg6 43. Rg8+ Kh7 44. Qxc3 Nxc3 45. Ra8 Rexc6 46. R8xa7 Rxa7 47. Rxa7 Kg7 48. Bd3 Rc5 49. Re7 Ra5 50. Re5 Ra1+ 51. Kg2 Kh6 52. Rf5 Ra7 53. Bc2 Rb7 54. Rf6+ Kg7 55. Rf5 Kh6 56. Rf6+ Kg7 57. Rc6 Ne4 58. Bxe4 dxe4 59. Rc5 Kg6 60. Re5 1/2-1/2

[Event "OLNN 2223 Hamburger SK III - SC Diogene"]
[Site "?"]
[Date "2022.10.23"]
[Round "1.4"]
[White "Bente, Bjoern"]
[Black "Kaid, Almar"]
[Result "1/2-1/2"]
[WhiteElo "2225"]
[BlackElo "2266"]
[PlyCount "254"]
[EventDate "2022.??.??"]

1. e4 e6 2. d4 d5 3. Bd3 dxe4 4. Bxe4 Nf6 5. Bf3 Nbd7 6. Ne2 Bd6 7. O-O e5 8. Nbc3 O-O 9. Bg5 h6 10. Bh4 Re8 11. Bxf6 Nxf6 12. dxe5 Bxe5 13. Qxd8 Rxd8 14. Rad1 Re8 15. Nd4 c6 16. g3 Bh3 17. Bg2 Bg4 18. f3 Bd7 19. f4 Bc7 20. h3 Rad8 21. Kh2 Bc8 22. Nb3 Bf5 23. Rxd8 Rxd8 24. Rf2 h5 25. Kh1 Kf8 26. Re2 Re8 27. Rxe8+ Kxe8 28. Nc5 Bc8 29. h4 Ng4 30. Bf3 Ke7 31. Nd1 Bb6 32. Ne4 Bf5 33. Kg2 g6 34. c3 Be6 35. a3 Bb3 36. Bxg4 hxg4 37. Nef2 Ke6 38. Kf1 Kd5 39. Ke2 Bxd1+ 40. Nxd1 Kc4 41. f5 a5 42. Ne3+ Bxe3 43. Kxe3 Kb3 44. Kf4 a4 45. fxg6 fxg6 46. Kxg4 Kxb2 47. Kg5 Kxa3 48. Kxg6 Kb3 49. h5 a3 50. h6 a2 51. h7 a1=Q 52. h8=Q Qxc3 53. Qg8+ Qc4 54. Qxc4+ Kxc4 55. Kf6 b5 56. g4 b4 57. g5 b3 58. g6 b2 59. g7 b1=Q 60. g8=Q+ Kc3 61. Ke5 c5 62. Qa8 c4 63. Qa7 Qe1+ 64. Kd5 Qd2+ 65. Ke5 Kb3 66. Qb7+ Qb4 67. Qd5 Qe1+ 68. Kf6 Qf2+ 69. Kg7 Qg3+ 70. Kh8 Qh4+ 71. Kg8 Qg4+ 72. Kh8 Kc2 73. Qa5 Qd4+ 74. Kg8 c3 75. Qb5 Qg4+ 76. Kh8 Qh3+ 77. Kg7 Qg2+ 78. Kh8 Kc1 79. Qb4 Qh3+ 80. Kg8 Qg2+ 81. Kh7 c2 82. Qd4 Qh2+ 83. Kg8 Qb8+ 84. Kh7 Kb1 85. Qe4 Qb3 86. Qg6 Qh3+ 87. Kg7 Qd7+ 88. Kh8 Qd4+ 89. Kh7 Kb2 90. Qg2 Qd3+ 91. Kh8 Qc3+ 92. Kh7 Qc7+ 93. Kg8 Qc8+ 94. Kh7 Ka1 95. Qg7+ Kb1 96. Qg6 Qb7+ 97. Kh8 Qc8+ 98. Kh7 Qc3 99. Qb6+ Qb2 100. Qg6 Ka2 101. Qa6+ Qa3 102. Qe6+ Qb3 103. Qa6+ Kb1 104. Qg6 Qb7+ 105. Kh8 Kb2 106. Qf6+ Kb3 107. Qe6+ Ka3 108. Qe3+ Ka4 109. Qd4+ Qb4 110. Qa7+ Kb3 111. Qf7+ Kb2 112. Qf2 Qc3+ 113. Kh7 Qd3+ 114. Kh8 Kb1 115. Qb6+ Kc1 116. Qg1+ Kd2 117. Qf2+ Kc3 118. Qc5+ Qc4 119. Qe3+ Kb2 120. Qb6+ Qb3 121. Qf2 Qb8+ 122. Kh7 Qb7+ 123. Kh8 Kb1 124. Qf5 Qa8+ 125. Kh7 Qb7+ 126. Kh8 Qc8+ 127. Qxc8 c1=Q 1/2-1/2

[Event "OLNN 2223 Hamburger SK III - SC Diogene"]
[Site "?"]
[Date "2022.10.23"]
[Round "1.5"]
[White "Mach, Holger"]
[Black "Pulkkinen, Kari"]
[Result "1-0"]
[WhiteElo "2209"]
[BlackElo "2196"]
[PlyCount "69"]
[EventDate "2022.??.??"]

1. e4 c5 2. Nc3 e6 3. Nf3 a6 4. d4 cxd4 5. Nxd4 Qc7 6. Bd3 Nf6 7. O-O Nc6 8. Nxc6 dxc6 9. f4 e5 10. Kh1 Bc5 11. fxe5 Ng4 12. Qf3 Be6 13. Bf4 O-O-O 14. Bc4 h5 15. Bxe6+ fxe6 16. h3 Rdf8 17. Na4 Be3 18. Qg3 Bf2 19. Rxf2 Nxf2+ 20. Qxf2 g5 21. Qa7 gxf4 22. Nb6+ Kd8 23. Rd1+ Ke8 24. Rd7 Qxd7 25. Nxd7 Kxd7 26. Qxb7+ Kd8 27. Qb8+ Ke7 28. Qc7+ Ke8 29. Qxc6+ Ke7 30. Qd6+ Kf7 31. Qd7+ Kg6 32. Qxe6+ Kg7 33. Qe7+ Kg6 34. h4 a5 35. Qg5+ 1-0

[Event "OLNN 2223 Hamburger SK III - SC Diogene"]
[Site "?"]
[Date "2022.10.23"]
[Round "1.6"]
[White "Kotyk, Michael"]
[Black "Gottuk, Stefan"]
[Result "0-1"]
[WhiteElo "2105"]
[BlackElo "2147"]
[PlyCount "129"]
[EventDate "2022.??.??"]

1. d4 f5 2. c4 Nf6 3. Nc3 d6 4. g3 g6 5. Nf3 Bg7 6. Bg2 O-O 7. O-O Qe8 8. Nd5 Nxd5 9. cxd5 Qb5 10. a4 Qxd5 11. Ng5 Qc4 12. Be3 c6 13. Qd2 Na6 14. a5 h6 15. Nf3 Kh7 16. Rfc1 Qf7 17. h4 Qf6 18. Bf4 Be6 19. b4 Bd5 20. b5 cxb5 21. h5 Rab8 22. Bg5 Qe6 23. hxg6+ Kxg6 24. Bxe7 Rfe8 25. Bh4 Qxe2 26. Qf4 Qe6 27. Re1 Qd7 28. Be7 Bxf3 29. Bxd6 Bxg2 30. Bxb8 Nxb8 31. Kxg2 Nc6 32. Rxe8 Qxe8 33. Qd6+ Kh7 34. Rc1 Qe4+ 35. Kg1 Qxd4 36. Qxd4 Nxd4 37. Rc7 a6 38. Rxb7 Nb3 39. Ra7 Nxa5 40. Rxa6 Bc3 41. Kf1 Nc4 42. Ke2 b4 43. Kd3 Nd2 44. Rb6 Ne4 45. Ke3 Nf6 46. Rb5 Kg6 47. f3 Be1 48. Ke2 Bxg3 49. Rxb4 Nd5 50. Rb7 h5 51. Kf1 h4 52. Rb5 Nf4 53. Kg1 Kg5 54. Kh1 Nd3 55. Kg2 Ne1+ 56. Kh3 Nxf3 57. Ra5 Nd4 58. Kg2 Nc6 59. Ra6 Ne5 60. Ra5 Kg4 61. Kh1 Nd3 62. Ra4+ f4 63. Ra8 h3 64. Rg8+ Kf3 65. Rh8 0-1

[Event "OLNN 2223 Hamburger SK III - SC Diogene"]
[Site "?"]
[Date "2022.10.23"]
[Round "1.7"]
[White "Kilic, Oguz"]
[Black "Brinkmann, Fabian"]
[Result "0-1"]
[WhiteElo "2060"]
[BlackElo "2136"]
[PlyCount "100"]
[EventDate "2022.??.??"]

1. e4 c6 2. Nc3 d5 3. d3 e5 4. g3 Nf6 5. Bg2 Be7 6. Bg5 dxe4 7. Bxf6 Bxf6 8. Nxe4 Be7 9. Ne2 O-O 10. O-O Be6 11. f4 f5 12. N4c3 Nd7 13. Qd2 Bf6 14. Kh1 g6 15. Rad1 Qc7 16. b3 Rad8 17. fxe5 Bxe5 18. Nf4 Bf7 19. Nce2 Nf6 20. Nh3 c5 21. Ng5 Bd5 22. Nf4 Bxf4 23. Qxf4 Qxf4 24. Rxf4 Bxg2+ 25. Kxg2 Nd5 26. Rf3 Rde8 27. Rd2 h6 28. Nh3 g5 29. Rff2 Re1 30. Rde2 Re8 31. Rxe8+ Rxe8 32. Rd2 Kf7 33. Ng1 Kf6 34. d4 cxd4 35. Nf3 Ne3+ 36. Kg1 Rd8 37. c3 d3 38. Ne1 Ng4 39. Rxd3 Rxd3 40. Nxd3 Ne5 41. Ne1 Ke6 42. h3 Kd5 43. Kf2 Ke4 44. Ke2 f4 45. gxf4 gxf4 46. c4 a5 47. Nc2 f3+ 48. Kf2 Nd3+ 49. Kg3 f2 50. Kg2 Ne1+ 0-1

[Event "OLNN 2223 Hamburger SK III - SC Diogene"]
[Site "?"]
[Date "2022.10.23"]
[Round "1.8"]
[White "Schumacher, Norbert"]
[Black "Laqua, Christian"]
[Result "1/2-1/2"]
[WhiteElo "2138"]
[BlackElo "2095"]
[PlyCount "83"]
[EventDate "2022.??.??"]

1. d4 c5 2. d5 Nf6 3. Nf3 d6 4. c4 e5 5. Nc3 Nbd7 6. e4 Be7 7. Bd3 Nf8 8. h3 Ng6 9. g3 h6 10. Be3 Nh7 11. Qc2 Bg5 12. Nxg5 hxg5 13. O-O-O Nhf8 14. Qd2 f6 15. f4 gxf4 16. gxf4 exf4 17. Bxf4 a6 18. e5 Nxf4 19. Qxf4 fxe5 20. Qg3 Qh4 21. Qxg7 Qh6+ 22. Qxh6 Rxh6 23. Ne4 Bd7 24. Rdf1 Ke7 25. Ng5 Be8 26. Rf3 Rf6 27. Rxf6 Kxf6 28. h4 Bh5 29. Rf1+ Ke7 30. Kd2 Nd7 31. Be2 Rh8 32. Bxh5 Rxh5 33. Rf7+ Ke8 34. Rh7 Rxh7 35. Nxh7 Ke7 36. Kd3 b6 37. b3 Nf6 38. Ng5 Kf8 39. a4 Kg7 40. Ke3 Kg6 41. Kf3 Kh5 42. Kg3 1/2-1/2